00334pab a2200121 454500008004000000100001900040245006100059260000900120300001000129362000900139650002500148773003900173180718b1988 xxu||||| |||| 00| 0 eng d aMurashima, Eui aThe origin of modern official state ideology in Thailand c1988 a80-96 aMar. aDemocracy - Thailand aJournal of Southeast Asian Studies